000 01039ngm a22003130a 4500
001 PT13191
003 AR-LpoUNG
005 20210201232321.0
007 co ||u|||uuuuu
008 191001s1997||||ag |||||||||||||||||spa d
040 _aAR-LpoUNG
_bspa
_cAR-LpoUNG
_eaacr
041 _aspa
044 _aag
082 0 _a348.023 669cod
100 1 _aVelez Sarsfield, Dalmacio
245 1 0 _aCódigo de comercio de la República Argentina :
_bleyes complementarias notas e índice alfabético
250 _a17º edición
260 _aBuenos Aires :
_bAbeledo-Perrot,
_c1997.
520 _aSumario: De los comerciantes; De la obligaciones comunes a todos los que profesan el comercio; De las bolsas y mercados de comercio; De los contratos y obligaciones comerciales; Sociedades comerciales.
650 4 _aARGENTINA
650 4 _aCODIGOS
650 4 _aCOMERCIO INTERNO
650 4 _aNORMAS
650 4 _aSOCIEDADES COMERCIALES
651 4 _aArgentina
700 1 _aLegón, Fernando A.
905 _a13191
942 _cCDDVD
999 _c53343
_d53343